| Tag |
First Indicator |
Second Indicator |
Subfields |
| LEADER |
00000cam a22000001 4500 |
| 001 |
in00000032766 |
| 005 |
20151007063214.0 |
| 008 |
720427s1961 mau 00010 eng |
| 010 |
|
|
|a 62008061
|
| 035 |
|
|
|a (OCoLC)00710824
|
| 035 |
|
|
|9 AAD6809AM
|
| 040 |
|
|
|a DLC
|c DLC
|d TXA
|d UtOrBLW
|
| 049 |
|
|
|a TXAM
|c [415283]
|
| 050 |
|
0 |
|a PS1541
|b .A133
|
| 082 |
0 |
|
|a 811.4
|
| 092 |
|
|
|a 811
|b D553fi
|
| 100 |
1 |
|
|a Dickinson, Emily,
|d 1830-1886.
|
| 245 |
1 |
0 |
|a Final harvest :
|b Emily Dickinson's poems /
|c Selection and introd. by Thomas H. Johnson.
|
| 250 |
|
|
|a [1st ed.].
|
| 264 |
|
1 |
|a Boston :
|b Little, Brown,
|c [1961]
|
| 300 |
|
|
|a xiv, 331 pages ;
|c 22 cm.
|
| 336 |
|
|
|a text
|b txt
|2 rdacontent
|
| 337 |
|
|
|a unmediated
|b n
|2 rdamedia
|
| 338 |
|
|
|a volume
|b nc
|2 rdacarrier
|
| 999 |
|
|
|a MARS
|
| 999 |
f |
f |
|s 08affe31-cbe5-37bf-aaa9-c61e0b413c2c
|i 8446c0b7-91ac-3c2e-93e8-4ccbb04a9d31
|t 0
|
| 952 |
f |
f |
|p ric
|a Texas A&M University
|b Rellis Campus
|c Joint Library Facility
|d Remote Storage
|t 0
|e PS1541 .A133
|h Library of Congress classification
|i unmediated -- volume
|m A14829137300
|
| 952 |
f |
f |
|p ric
|a Texas A&M University
|b Rellis Campus
|c Joint Library Facility
|d Remote Storage
|t 0
|e PS1541 A133
|h Library of Congress classification
|i unmediated -- volume
|m A14826849330
|
| 998 |
f |
f |
|a PS1541 .A133
|t 0
|l Remote Storage
|
| 998 |
f |
f |
|a PS1541 A133
|t 0
|l Remote Storage
|